000 00318nam a22001337a 4500
008 250514b |||||||| |||| 00| 0 eng d
020 _a0070095892
050 _aHD9743
_b.C34
100 _aHESSING, Anne
245 _aControlling Future Arms Trade
260 _aU.S.A
_bAlexander
_c1977
300 _a210p.
942 _cBK
999 _c3461
_d3461